000 01470naa a22003857a 4500
001 BR7406261
003 BR-BrBNA
005 20240918173700.0
007 ta
008 230509b bl.||||| |||| 00| 0 por d
040 _aBR-BrBNA
_bpor
_cBiblioteca Nacional de Agricultura
041 _a(Pt)
072 _aH20
_b2120
_b4120
_b3875
_bG514
090 _aH20 BR7406261
100 1 _aCarneiro Filho, F.
100 1 _aCamargo, A.T.
100 1 _aMatiello, J.B.
100 1 _aHoltrup, H.H.
100 1 _aKaiser, A.A.P.G.
100 1 _aAndrade, I.P.R.
100 1 _aAbreu, R.
100 1 _aMansk, Z.
111 1 _a2. Congresso Brasileiro sobre Pesquisas Cafeeiras
_cPocos de Caldas, MG (Brazil)
_d10 Sep 1974
245 1 _aEnsaio quantitativo de cobre aplicado em atomizacao a alto volume no controle da ferrugem do cafeeiro no Estado do Parana [fungicida, Brasil]
260 3 _aRio de Janeiro, GB (Brasil):
_c1974.
500 _aResumos dos trabalhos apresentados no 2. Congresso Brasileiro sobre Pesquisas Cafeeiras Rio de Janeiro, GB (Brasil): 1974. p. 179-182 (BR7406261-AM)H20
650 _aCAFE
650 _aFERRUGEM ALARANJADA
650 _aFUNGO
650 _aFUNGICIDA CUPRICO
650 _aCONTROLE QUIMICO
773 0 _tResumos dos trabalhos apresentados no 2. Congresso Brasileiro sobre Pesquisas Cafeeiras
_wH20 BR7406261
_gRio de Janeiro, GB (Brasil), 1974. p. 179-182
909 _a202404
_bLucia
_c55
_dLucia Elande
942 _cAM
_2AGRIS
999 _c306164
_d306164